Československá socialistická republika politická mapa /

Korporativní autor: Kartografický a reprodukční ústav (Praha, Česko)
Další autoři: Svoboda, Jindřich, 1927-1990, Král, Jan, Ústřední správa geodézie a kartografie
Jazyk: Čeština
Vydáno: [Praha] : Ústřední správa geodézie a kartografie, 1961
Vydání: 1. vyd.
Témata:
Fyzický popis: 1 mapa na 3 listech : barev. ; 109 x 200 cm, list 131 x 82 cm
Mapy
Uloženo v:
LEADER 02230nem a2200457 a 4500
001 001279785
003 CZ BrMZK
005 20130305123217.0
007 aj|canzn
008 111208s1961 xr a 0| cze d
034 1 |a a  |b 400000  |d E0115135  |e E0224311  |f N0511721  |g N0472721 
040 |a BOA001  |b cze 
043 |a e-cs---  |2 czenas 
072 7 |a 913(437)  |x Geografie Česka a Slovenska, reálie, cestování  |2 Konspekt  |9 7 
072 7 |a 912  |x Mapy. Atlasy. Glóby  |2 Konspekt  |9 7 
080 |a 656.2.025.2  |2 MRF 
080 |a 656.132  |2 MRF 
080 |a (437)  |2 MRF 
080 |a (084.3)32  |2 MRF 
080 |a (084.3)371.673  |2 MRF 
110 2 |a Kartografický a reprodukční ústav (Praha, Česko)  |7 ko2003164641  |4 ctg 
245 1 0 |a Československá socialistická republika  |h [kartografický dokument] :  |b politická mapa /  |c zpracoval a vytiskl Kartografický a reprodukční ústav ; odpovědný redaktor Jindřich Svoboda ; technický redaktor Jan Král 
250 |a 1. vyd. 
255 |a Měřítko 1:400 000 ;  |b plochojevné kuželové zobrazení  |c (011°51´35" v.d.--022°43´11" v.d./051°17´21" s.š.--047°27´21" s.š.) 
260 |a [Praha] :  |b Ústřední správa geodézie a kartografie,  |c 1961  |e (V Praze :  |f Kartografický a reprodukční ústav) 
300 |a 1 mapa na 3 listech :  |b barev. ;  |c 109 x 200 cm, list 131 x 82 cm 
500 |a Čís. výr. 005/5-59 
505 2 0 |t Železniční osobní doprava (v roce 1958-59).  |g Měřítko 1:1 500 000. 30 x 54 cm --  |t Autobusová doprava (v roce 1958-1959).  |g Měřítko 1:1 500 000. 30 x 54 cm -- 
650 0 7 |a osobní železniční doprava  |7 ph123850  |2 czenas 
650 0 7 |a autobusová doprava  |7 ph118686  |2 czenas 
655 7 |a politické a správní mapy  |7 fd133032  |2 czenas 
655 7 |a dopravní mapy  |7 fd132068  |2 czenas 
655 7 |a školní mapy  |7 fd133894  |2 czenas 
651 7 |a Československo  |7 ge131689  |2 czenas 
700 1 |a Svoboda, Jindřich,  |d 1927-1990  |7 mzk2009544277  |4 pbd 
700 1 |a Král, Jan  |4 red 
710 2 |a Ústřední správa geodézie a kartografie  |7 kn20050506060  |4 pbl 
910 |a BOA001  |b Mpa-0467.250 
990 |a MP 
991 |b 201302 
996 6 |b 2619543094  |c Mpa-0467.250  |l MZK  |r Sklad / do 24 hodin  |n 0  |w 001320653  |u 000010  |a 1  |e BOA001  |j MZK50  |s P